000 01291nam a2200301 a 4500
001 BRCA_4915
005 20190320204846.0
008 201010s1823----mx-####f#v---#000-0#spa-#
041 _aspa
044 _amx
084 _aDOC14
_b.B73
_c1823
100 1 _aBravo, Nicolás
_d1786-1854
_912408
245 1 0 _aDocumento dirigido a Nicolás Bravo
_cNicolás Bravo.
260 _aMéxico
_c1823
300 _a[1] foja
_c31 x 21 cm
500 _aDocumento fechado el 12 de Mayo de 1823
500 _aDocumento dirigido a Don Nicolás Bravo dándole cuenta de la remisión de un oficio en el que se informa de las provincias tomadas acerca del embarque de Iturbide
500 _aEl documento tiene la leyenda DOC. #23
500 _aPapel con marca de agua
500 _aEstado de conservación: Contiene anotaciones con tinta roja, laguna en la esquina inferior derecha y acidificación
506 0 _aFondo reservado: para su consulta es necesario credencial de usuario y carta de motivos
546 _aTexto en: español a principios del siglo XIX
600 1 4 _aBravo, Nicolás
_d1786-1854
_912408
651 4 _aMéxico
_vManuscrito
_xHistoria
_yPrimeros gobiernos independientes, 1821-1824
_912447
700 1 _aIturbide, Agustín
_d1783-1824
_912448
902 _aFDH
942 _2lcc
_cD
999 _c4609
_d4609